000 00799cam a2200217 a 4500
001 000010261
005 20200929162218.0
008 920924s1993 pr bc 001 0 spa
020 _a0865814694
040 _aDO-SdBNP
_bspa
_cLC
_dBNGR
082 _aPR862.44
_bT253t
245 0 3 _aDe teatro :
_bartículos periodísticos de Alfredo Matilla Jimeno 1946-1960 /
_cselección, prólogo e índice Alfredo Matilla Rivas.
260 _aSan Juan, Puerto Rico :
_bInstituto de Cultura Puertorriqueña,
_c1993.
300 _a327 p. ;
_c23 cm.
650 4 _aTeatro puertorriqueño
_94514
650 0 _aLiteratura puertorriqueña
_9250
700 1 _aMatilla Jimeno, Alfredo,
_d1910-1977.
_925276
700 1 _aMatilla Rivas, Alfredo.
_epról.
_925277
910 _aCatalogación por copia / LC
049 _aBNGR
999 _c10020
_d10020